000 00591nam a2200229Ia 4500
008 160901s9999 xx 000 0 und d
020 _a978-981-4246-59-0
050 _aComSc QA 73.73
050 _b.C15B76 2008
100 _aBronson, Gary J.
245 2 _aA first book of ANSI C /
245 _cGary J. Bronson, Andy Hurd.
250 _a4th Edition
260 _aAustralia :
260 _bThomson Course Tech.,
260 _c2008
300 _a768 pages :
300 _bill. ;
300 _c24 cm.
500 _aIncludes index.
650 _aC (Conputer program language).
999 _c300784
_d300784